000 01180nam a2200277 a 4500
001 BRCA_2475
005 20190320203828.0
008 201108s1836----gw-#---###---#000-0#spa-u
041 _aspa
044 _agw
084 _a115
_b.F54
_c1836
100 1 _aCervantes Saavedra, Miguel de
_d1547-1616
_9213
245 1 0 _aEl Ingenioso Hidalgo Don Quijote de la Mancha
_ccompuesto por Miguel de Cervantes Saavedra.
260 _aLeipsique [Alemania]
_bFederico Fleischer
_c1836
300 _a779 p.
_c22 cm.
500 _aContenido : Primera parte. Retrato de Cervantes. Elogio de Cervantes por Mor de Fuentes. Prólogo del autor. Versos preliminares. Texto. Segunda parte. Dedicatoria del autor. Prólogo del autor. Texto
500 _aExcepto por la portada, es una reimpresión de la edición LO-114 Lúdovik Osterc
500 _aQM96
650 1 4 _aNovela española
_yÉpoca clásica, 1500-1700
_9215
650 1 4 _aLiteratura española
_yÉpoca clásica, 1500-1700
_9216
650 1 4 _aNovela española
_ySiglo XVII
_9217
650 1 4 _aDon Quijote (Personaje ficticio)
_eNovela
_9218
740 0 _aEl Ingenioso Hidalgo Don Quijote de la Mancha
902 _aQFM
942 _2lcc
_cB
999 _c2216
_d2216